Journey from Buenos Ayres, through the provinces of Cordova, Tucuman, and Salta, to Potosí, thence by the desert of Caranja to Arica, and subsequently, to Santiago de Chili and Coquimbo, undertaken on behalf of the Chilian and Peruvian Mining Association in the years 1825-26

Uloženo v:
Podrobná bibliografie
Hlavní autor: Andrews, Joseph (Autor)
Médium: Kniha
Jazyk:angličtina
Vydáno: Londres John Murray 1827
Vydání:1a. ed
Témata:
Tagy: Přidat tag
Žádné tagy, Buďte první, kdo vytvoří štítek k tomuto záznamu!

MARC

LEADER 00000nam a2200000 a 4500
001 UCJ3616
003 CL-VaPUC
008 070124e18270000UK |||||||||||||||||eng|d
082 0 4 |a 910.4  |b AND  |2 21 
100 0 |a Andrews, Joseph  |e author  |9 505633 
245 1 0 |a Journey from Buenos Ayres, through the provinces of Cordova, Tucuman, and Salta, to Potosí, thence by the desert of Caranja to Arica, and subsequently, to Santiago de Chili and Coquimbo, undertaken on behalf of the Chilian and Peruvian Mining Association in the years 1825-26 
246 1 0 |a By Captain Andrews, Late Commander of H. C. S. Windham. In two volumes. Vol. I-II 
246 1 0 |a London: John Murray, Albemarle street, 1827 
250 |a 1a. ed 
300 |a 2 v 
942 |c BK 
945 |d 20070124 00:00:00  |a rinostro 
260 |a Londres  |b John Murray  |c 1827 
500 |a Vol. I: 8§.- Cartoné.- Anteport.: Journey, &c. &c..- v.: Shackell and Baylis, Johnson's Court.- Port.- v. en b.- Dedicatoria.- Advierte errata. Vol. II: idem.- Palau registra esta obra tambien como edición de 1827 e idéntico pié de imprenta sólo que en un volumen, 8§ con 665 págs. En ambos vols., ex libris de Thomas Boynton y una firma ilegible 
600 0 7 |a SAN MARTIN, JOSE DE  |2 CL-VaPUC  |9 505634 
600 0 |a O'higgins Riquelme, Bernardo  |9 387808 
600 0 |a Bolívar, Simón   |d 1783-1830  |9 265422 
600 0 7 |a OSORIO, MARIANO  |2 CL-VaPUC  |9 505208 
600 0 7 |a GUERRA DE LA INDEPENDENCIA  |2 CL-VaPUC  |9 505635 
600 0 |a Cochrane, Thomas Alexander  |9 438892 
600 0 7 |a BOYNTON, THOMAS  |2 CL-VaPUC  |9 505636 
650 0 |a Viajes  |9 257115 
650 0 |a Desarrollo cultural  |9 267526 
650 0 |a Desarrollo económico  |9 259599 
650 7 |a GAUCHOS  |2 CL-VaPUC  |9 317962 
650 7 |a NEGROS  |2 CL-VaPUC  |9 340345 
650 0 |a Recursos naturales  |9 255232 
650 0 |a Iglesia Católica  |9 256114 
650 0 |a Jesuitas  |9 268366 
650 0 |a Flora y fauna  |9 338564 
650 7 |a INDIOS  |2 CL-VaPUC  |9 258588 
650 7 |a EX LIBRIS  |2 CL-VaPUC  |9 505186 
651 7 |a BUENOS AIRES  |2 CL-VaPUC  |9 255286 
651 7 |a MONTEVIDEO  |2 CL-VaPUC  |9 368778 
651 0 |a Córdoba  |9 267665 
651 7 |a SALTA  |2 CL-VaPUC  |9 502830 
651 7 |a JUJUY  |2 CL-VaPUC  |9 472237 
651 0 |a Santiago  |9 265444 
651 7 |a POTOSI  |2 CL-VaPUC  |9 447148 
583 |a last modification  |c 20070124 00:00:00  |k Rodrigo Vera 
999 |c 319738  |d 319736 
952 |0 0  |1 0  |4 0  |6 910_400000000000000_AND_1827  |7 0  |8 X  |9 398105  |a FDOBUD  |b FDOBUD  |d 2019-11-22  |h v.1  |i 1006002  |o 910.4 AND 1827  |p 1006002  |r 2019-11-22  |w 2019-11-22  |y BK_X  |k BUD 
952 |0 0  |1 0  |4 0  |6 910_400000000000000_AND_1827  |7 0  |8 X  |9 398106  |a FDOBUD  |b FDOBUD  |d 2019-11-22  |h v.2  |i 1006010  |o 910.4 AND 1827  |p 1006010  |r 2019-11-22  |w 2019-11-22  |y BK_X  |k BUD